Normal view MARC view

Entry Nombre personal

Number of records used in: 1

001 - NÚMERO DE CONTROL

  • campo de control: 150939

003 - IDENTIFICADOR DE NÚMERO DE CONTROL

  • campo de control: SpMaBN

005 - FECHA Y HORA DE LA ÚLTIMA TRANSACCIÓN

  • campo de control: 20250901015848.0

008 - ELEMENTOS DE DATO DE LONGITUD-FIJA

  • campo de control de longitud fija: 900725nn aijnnaabn a aaa

016 ## - NÚMERO DE CONTROL DE UNA AGENCIA BIBLIOGRÁFICA NACIONAL

  • Número de control del registro: BNE19981669091

024 7# - IDENTIFICADOR DE OTROS ESTÁNDARES

  • Número estándar o código: http://viaf.org/viaf/31785511/
  • Fuente: viaf

024 8# - IDENTIFICADOR DE OTROS ESTÁNDARES

  • Número estándar o código: https://data.cervantesvirtual.com/person/7277

024 7# - IDENTIFICADOR DE OTROS ESTÁNDARES

  • Número estándar o código: https://isni.org/isni/0000000051161024
  • Fuente: isni

024 7# - IDENTIFICADOR DE OTROS ESTÁNDARES

  • Número estándar o código: http://www.wikidata.org/entity/Q4892657
  • Fuente: wikidata

040 ## - FUENTE DE CATALOGACIÓN

  • Centro catalogador/agencia de origen: SpMaBN
  • Lengua de catalogación: spa
  • Centro/agencia transcriptor: SpMaBN
  • Normas de descripción: rdc
  • Convención/Normas de encabezamiento de materia/tesauro: embne

046 ## - FECHAS CON CODIFICACIÓN ESPECIAL

  • Fecha de nacimiento: 1865
  • Fecha de la muerte: 1943

100 1# - ENCABEZAMIENTO-NOMBRE DE PERSONA

  • Nombre de persona: Karr, Carme,
  • Fechas asociadas al nombre: 1865-1943

370 ## - LUGAR ASOCIADO

  • Lugar de nacimiento: España, Cataluña, Barcelona (Provincia), Barcelona

370 ## - LUGAR ASOCIADO

  • Lugar de fallecimiento: España, Cataluña, Barcelona (Provincia), Barcelona

374 ## - OCUPACIÓN

  • Ocupación: Musicólogos
  • Ocupación: Periodistas
  • Ocupación: Escritores
  • Ocupación: Traductores
  • Ocupación: Compositores
  • Fuente de información: Wikidata

375 ## - GÉNERO/SEXO

  • Género: Femenino

377 ## - IDIOMA ASOCIADO

  • Término de lengua/lenguaje: Catalán
  • Término de lengua/lenguaje: Español

400 1# - TRAZADO DE VÉASE--NOMBRE DE PERSONA

  • Nombre de persona: Escardot, L.,
  • Fechas asociadas al nombre: 1865-1943

400 1# - TRAZADO DE VÉASE--NOMBRE DE PERSONA

  • Nombre de persona: Karr Alfonsetti, Carme,
  • Fechas asociadas al nombre: 1865-1943

400 1# - TRAZADO DE VÉASE--NOMBRE DE PERSONA

  • Nombre de persona: Karr i Alfonsetti, Carmen,
  • Fechas asociadas al nombre: 1865-1943

400 1# - TRAZADO DE VÉASE--NOMBRE DE PERSONA

  • Nombre de persona: Romeu, Joana,
  • Fechas asociadas al nombre: 1865-1943

400 1# - TRAZADO DE VÉASE--NOMBRE DE PERSONA

  • Nombre de persona: Xénia,
  • Fechas asociadas al nombre: 1865-1943

670 ## - FUENTE DE DATOS ENCONTRADOS

  • Cita de la fuente: Els idols, 1917
  • Información encontrada: port. (Carme Karr)

670 ## - FUENTE DE DATOS ENCONTRADOS

  • Cita de la fuente: Diccionario de la música española e hispanoamericana, dir. Emilio Casares Rodicio, D.L. 2000
  • Información encontrada: (Karr Alfonsetti, Carme; n. 1965, Barcelona, m. 1943, Barcelona; compositora y escritora)

670 ## - FUENTE DE DATOS ENCONTRADOS

  • Cita de la fuente: Catálogo de escritoras españolas en lengua castellana, 1992
  • Información encontrada: p. 151 (Karr i Alfonsetti, Carmen; seud. L. Escarldot)

670 ## - FUENTE DE DATOS ENCONTRADOS

  • Cita de la fuente: WWW Catálogo de escritoras españolas (Biblioteca de Mujeres (Madrid)), 07-05-2018
  • Identificador Uniforme de Recursos: http://www.mujerpalabra.net/bibliotecademujeres/pages/catalogo s_bibliografias/escr_esp.htm
  • Información encontrada: (Romeu, Joana y Xénia seuds. de Carmen Karr)